LEADER 01505nam a2200325 i 4500 001 991001856159707536 008 121016s2012 riu b 100 0 eng d 020 $a9780821853177 035 $ab14081647-39ule_inst 040 $aDip.to Matematica e Fisica$beng 082 00$a512.2$223 084 $aAMS 05E10 084 $aAMS 16E 084 $aAMS 17B 084 $aLC QA182.5.I58 111 2 $aInternational Conference on Representation Theory of Algebraic Groups and Quantum Groups$d<2010 :$cNagoya-shi, Japan>$0477641 245 10$aAlgebraic groups and quantum groups :$bInternational Conference on Representation Theory of Algebraic Groups and Quantum Groups, August 2-6, 2010, Nagoya University, Nagoya, Japan /$cSusumu Ariki ... [et al.], editors 260 $aProvidence, R. I. :$bAmerican Mathematical Society,$cc2012 300 $axi, 286 p. ;$c26 cm 440 0$aContemporary mathematics,$x0271-4132 ;$v565 504 $aIncludes bibliographical references 650 0$aCombinatorial group theory$vCongresses 650 0$aRepresentations of groups$vCongresses 700 1 $aAriki, Susumu$eauthor$4http://id.loc.gov/vocabulary/relators/aut$0732218 907 $a.b14081647$b13-11-12$c16-10-12 912 $a991001856159707536 945 $aLE013 05E ARI11 (2012)$g1$i2013000217314$lle013$op$pE98.00$q-$rl$s- $t0$u3$v0$w3$x0$y.i15455981$z12-11-12 996 $aAlgebraic groups and quantum groups$91442591 997 $aUNISALENTO 998 $ale013$b16-10-12$cm$da $e-$feng$griu$h0$i0 LEADER 01187nam0 22003253i 450 001 UBO2584426 005 20251003044422.0 010 $a0124808735 100 $a20111128d2003 ||||0itac50 ba 101 | $aeng 102 $anl 181 1$6z01$ai $bxxxe 182 1$6z01$an 200 1 $aMathematical models of hysteresis and their applications$fI. D. Mayergoyz 210 $aAmsterdam [etc.]$cElsevier$d2003 215 $aXXV, 472 p.$d24 cm. 225 | $aElsevier series in electromagnetism 410 0$1001UBO2584447$12001 $aElsevier series in electromagnetism 676 $a538$9MAGNETISMO$v14 676 $a538.3$9$v22 700 1$aMayergoyz$b, I. D.$3MILV113250$4070$0771434 790 1$aMayergoyz$b, Isaak$3NAPV153115$zMayergoyz, I. D. 801 3$aIT$bIT-000000$c20111128 850 $aIT-BN0095 901 $bNAP 01$cSALA DING $n$ 912 $aUBO2584426 950 0$aBiblioteca Centralizzata di Ateneo$c1 v.$d 01SALA DING 538 MAY.ma$e 0102 0000052565 VMA A4 1 v.$fY $h20040202$i20111128 977 $a 01 996 $aMathematical models of hysteresis and their applications$91575744 997 $aUNISANNIO